| 000 | 00794nam a22002057a 4500 | ||
|---|---|---|---|
| 005 | 20240530110924.0 | ||
| 008 | 171218s2007 ua g b 000 1 ara d | ||
| 040 |
_aEG-CaGPL _cEG-CaGPL |
||
| 082 | 0 | 4 |
_221 _a346.0323 / _bم م |
| 100 | 0 | _aمحمد احمد شحاتة حسين | |
| 245 | 1 | 0 |
_aالمسؤلية عن القتل الناشئ عن حوادث السيارات فى الشريعة والقانون / _cمحمد احمد شحاتة حسين |
| 250 | _aط.1 | ||
| 260 |
_aالاسكندرية : _bالدار الجامعية، _c2007 |
||
| 300 |
_a153 ص. ؛ _c24 سم. |
||
| 650 | 0 | 7 |
_2qrmak _aحوداث السيارات |
| 650 | 0 | 7 |
_2qrmak _aالغارم |
| 651 |
_2qrmak _aالشريعة الاسلامية |
||
| 942 |
_2ddc _cBK |
||
| 999 |
_c66542 _d66542 |
||